| 000 | 01268nam a22002177a 4500 | ||
|---|---|---|---|
| 008 | 240109t2024 ||||| ||||o00| 0 eng d | ||
| 110 |
_96315 _aDepartment for Levelling Up, Housing and Communities |
||
| 245 | _aAwaab’s Law: Consultation on timescales for repairs in the social rented sector | ||
| 260 |
_bDepartment for Levelling Up, Housing and Communities, _c9 January 2024 |
||
| 520 | _aA Department for Levelling Up, Housing and Communities consultation seeks views on proposed new legal requirements for social landlords to address hazards including damp and mould quickly. It supports the Government's pledge to deliver Awaab's Law, introduced in the Social Housing Regulation Act 2023 | ||
| 650 | _aDAMP | ||
| 650 | _aMOULD | ||
| 650 | _aRESIDENTIAL PROEPRTY | ||
| 650 | _aSOCIAL HOUSING | ||
| 650 | _aSOCIAL HOUSING REGULATION ACT 2023 | ||
| 651 | _aEngland | ||
| 690 |
_96252 _aLandlord and tenant |
||
| 690 |
_96222 _aBuilding control |
||
| 710 |
_96315 _aDepartment for Levelling Up, Housing and Communities |
||
| 856 |
_uhttps://www.gov.uk/government/consultations/awaabs-law-consultation-on-timescales-for-repairs-in-the-social-rented-sector/awaabs-law-consultation-on-timescales-for-repairs-in-the-social-rented-sector _zAvailable on .gov.uk |
||
| 999 |
_c121767 _d121767 |
||